Normal view
MARC view
- عيسى بن مريم- نزول عيسى بن مريم- يوم القيامة
Entry Topical Term
001 - CONTROL NUMBER
- control field: 49139
003 - CONTROL NUMBER IDENTIFIER
- control field: JO-AjAnu
005 - DATE AND TIME OF LATEST TRANSACTION
- control field: 20230606082111.0
008 - FIXED-LENGTH DATA ELEMENTS
- fixed length control field: 230606|| aca||aabn | a|a d
040 ## - CATALOGING SOURCE
- Original cataloging agency: JO-AjAnu
- Transcribing agency: JO-AjAnu
150 ## - HEADING--TOPICAL TERM
- Topical term or geographic name entry element: عيسى بن مريم- نزول عيسى بن مريم- يوم القيامة
670 ## - SOURCE DATA FOUND
- Source citation: Work cat.: (JO-AjAnu)25132: السيوطي، جلال الدين عبد الرحمن ، دراسة وتحقيق محمد عبد القادر عطا, author 49138, نزول عيسى بن مريم آخر الزمان